| 000 | 00685nam a22002175i 4500 | ||
|---|---|---|---|
| 001 | 172346 | ||
| 003 | ES-MaACL | ||
| 005 | 20240531062945.0 | ||
| 008 | 090625s1961 sp |||| | spa d | ||
| 080 | _a75 Tharrats, Joan Josep | ||
| 100 | 1 |
_aRomero Pérez, Luis, _d1916-2009 _999338 |
|
| 245 | 1 | 0 |
_aTharrats / _cLuis Romero. |
| 250 | _a1ª ed. | ||
| 260 |
_aSantander : _bLa Isla de los Ratones, _c1961. |
||
| 300 |
_a69 p. : _bil. ; _c17 cm. |
||
| 490 | 1 |
_aColección de arte bisonte ; _v1 |
|
| 600 | 1 | 4 |
_aTharrats, Joan-Josep. _9109870 |
| 830 | 0 |
_aColección de arte bisonte ; _v1 _9189074 |
|
| 852 |
_aES-MaACL _j2252-F-10 _9R.144587 |
||
| 999 |
_c172346 _d172346 |
||